Statistics for World Systems Theory: Semi-Periphery Countries

Click here to take the quiz!

General Stats

  • This quiz has been taken 13 times
  • The average score is 24 of 46

Answer Stats

Answer % Correct
India
92%
Brazil
92%
China
92%
Turkey
77%
Mexico
77%
Argentina
77%
Iran
77%
Indonesia
77%
South Africa
69%
Chile
69%
Saudi Arabia
69%
Egypt
69%
Algeria
62%
South Korea
62%
Malaysia
62%
Vietnam
62%
Taiwan
54%
Jamaica
54%
Panama
54%
Poland
54%
Greece
46%
Uruguay
46%
Ukraine
46%
Czech Republic
46%
Bulgaria
46%
Nigeria
46%
Cuba
46%
Romania
46%
Venezuela
38%
Spain
38%
Hungary
38%
Norway
38%
New Zealand
38%
Italy
38%
Israel
38%
Portugal
38%
Singapore
31%
D. R. Congo
31%
Tunisia
31%
Fiji
31%
Finland
31%
North Korea
23%
Belize
23%
Austria
23%
Seychelles
8%

Score Distribution

Percentile by Number Answered

Percent of People with Each Score

Your Score History

You have not taken this quiz